Adjectifs liés aux animaux - Statistiques

Statistiques générales
  • Ce quiz a été pris 95 fois
    20 depuis la dernière actualisation
  • Le résultat moyen est 7 sur 20
Statistiques - réponses
Animal Adjectif % Correct
Homme Humain
80%
Cheval Equin / Chevalin
60%
Chat Félin
60%
Vache Bovin
50%
Chien Canin
50%
Léopard Léopardin
40%
Mouton Ovin
40%
Cochon Porcin
40%
Lion Léonin
35%
Vipère Vipérin
35%
Chèvre Caprin
30%
Singe Simien / Simiesque
30%
Rat Ratin
25%
Ours Ursin
25%
Loup Lupin
20%
Âne Asinien / Asin
15%
Renard Vulpin
15%
Fourmi Formique / myrmécéen
10%
Souris Murin
0%
Veau Vitulin
0%
Aucun quiz correspondant
Distribution des résultats
% des personnes avec chaque résultat
Percentile par nombre de réponses
Votre historique - résultats
Vous n’avez pas pris ce quiz depuis la dernière actualisation